Loading...

Encyclopaedia of human rights: refugee status and humanitarian assistance 4F.3 /

Bibliographic Details
Format: Printed Book
Language:English
Published: New Delhi: Indian Institute of Human rights, .
Subjects:
LEADER 00580cam a2200169ua 4500
008 060815t||||||||||| 00 ||eng c
041 0 |a eng 
082 |a 323  |b  IND 4F.3 
245 0 0 |a Encyclopaedia of human rights: refugee status and humanitarian assistance 4F.3 /  
260 |a New Delhi:  |b Indian Institute of Human rights,  |c . 
300 |a 117p.. 
362 1 |a . 
365 |a Rs.10000/- (set)  |e pb 
650 0 |a Human Rights 
942 |c REF 
999 |c 4311  |d 4311 
952 |0 0  |1 0  |4 0  |6 323_000000000000000_IND_4F  |7 0  |9 4496  |a KUCL  |b KUCL  |d 2014-05-23  |l 0  |o 323 IND 4F.  |p 07464  |r 2017-03-09  |w 2014-05-23  |y REF